| 000 | 00939nam a2200265 u 4500 | ||
|---|---|---|---|
| 005 | 20240925064757.0 | ||
| 008 | 170529s2005 cl r 000 0 spa d | ||
| 020 | _a9586825469 | ||
| 035 | _aUPN01000218232 | ||
| 049 | _aCG | ||
| 050 | 4 |
_aHD1417 _bN3.2 |
|
| 100 | 1 |
_aNash, John D. _940687 |
|
| 245 | 1 | 0 |
_aAgricultura, comercio y desarrollo : _bmultilateralismo vs. proteccionismo / _cJohn D. Nash ; colab. Kim E. Murrel ; tr. Teresa Niño Torres. |
| 260 |
_aBogotá : _bBanco Mundial, _c2005. |
||
| 300 |
_a64 p. : _bil. |
||
| 440 | 0 |
_aDesarrollo para todos ; _v2 |
|
| 534 |
_pTítulo original: _tAgriculture, trade, and development |
||
| 650 | 4 |
_aAGRICULTURA - _xASPECTOS ECONOMICOS _91846 |
|
| 650 | 4 |
_aPolítica comercial _912557 |
|
| 650 | 4 |
_aPROTECCIONISMO Y LIBRE CAMBIO _92285 |
|
| 651 | 4 |
_aPAISES EN DESARROLLO - _xCONDICIONES ECONOMICAS _98383 |
|
| 700 | 1 |
_aMurrel, Kim E., _ecolab. |
|
| 905 | _aLibro | ||
| 999 |
_c190332 _d190332 |
||